Vybrané problémy typológie podnikov cestovného ruchu v súvislosti s rozvojom regiónov cestovného ruchu
Vymedzenie pojmu región v cestovnom ruchu ako "rekreačný priestor". Definovanie podniku a základné znaky podniku. Typologická klasifikácia podnikov a jej význam podľa učebnici Milana Kupkoviča. Definície cestovného ruchu. Charakteristika podnikov cestovného ruchu podľa Gúčika. Definovanie charakteru...
Gespeichert in:
| 1. Verfasser: | |
|---|---|
| Format: | Buchkapitel |
| Sprache: | Slowakisch |
| Schlagworte: | |
| Tags: |
Keine Tags, Fügen Sie das erste Tag hinzu!
|
MARC
| LEADER | 00000naa$a2200000$$$4500 | ||
|---|---|---|---|
| 001 | 0010285 | ||
| 005 | 20230118075639.3 | ||
| 041 | 0 | |a slo | |
| 044 | |a SK | ||
| 245 | 1 | 0 | |a Vybrané problémy typológie podnikov cestovného ruchu v súvislosti s rozvojom regiónov cestovného ruchu |c Peter Trefil |
| 500 | |a Príspevok obsahovo nadväzuje na výskumnú úlohu GAT č. 18-519-412 Ekonomická analýza služieb a cestovného ruchu v povodí Dunaja a Váhu | ||
| 520 | |a Vymedzenie pojmu región v cestovnom ruchu ako "rekreačný priestor". Definovanie podniku a základné znaky podniku. Typologická klasifikácia podnikov a jej význam podľa učebnici Milana Kupkoviča. Definície cestovného ruchu. Charakteristika podnikov cestovného ruchu podľa Gúčika. Definovanie charakteru podniku cestovného ruchu podľa Novackej. Prof. Kaspar a jeho definovanie podnikov cestovného ruchu. Členenie podnikov primárnej a sekundárnej sféry služieb. Problematika klasifikácie a typológie podnikov CR v najnovšej odbornej literatúre. Problematika typológie časti podnikov CR v SR z pohľadu legislatívnych predpisov. | ||
| 610 | 2 | 0 | |a ruch cestovný |
| 610 | 2 | 0 | |a podnik ruchu cestovného |
| 610 | 2 | 0 | |a podnik |
| 610 | 2 | 0 | |a typológia podnikov |
| 610 | 2 | 0 | |a teórie ekonomické |
| 100 | 1 | |a Trefil, Peter | |